| 000 | 00311nam a2200085Ia 4500 | ||
|---|---|---|---|
| 008 | 220120s9999||||xx |||||||||||||| ||und|| | ||
| 100 | _aVinay Kumar, Gurucharan, Prajna and Vikrathy | ||
| 245 | 0 | _aNight watch and fire saftey for commercial zone using zigbee | |
| 260 |
_aCoorg Institute of Technology _bPonnampet _c2014 |
||
| 999 |
_c138069 _d138069 |
||